Victimización e inseguridad: la perspectiva de las encuestas de victimización en España /
Guardado en:
| Autor principal: | |
|---|---|
| Otros Autores: | |
| Formato: | Texto |
| Materias: | |
| Etiquetas: |
Agregar Etiqueta
Sin Etiquetas, Sea el primero en etiquetar este registro!
|
MARC
| LEADER | 00000 a a2200000 04500 | ||
|---|---|---|---|
| 001 | 16229 | ||
| 003 | |||
| 040 | |||
| 100 | |a Alvira Martín, Francisco | ||
| 245 | |a Victimización e inseguridad: |b la perspectiva de las encuestas de victimización en España / |c Francisco Alvira Martín | ||
| 650 | |a SEGURIDAD | ||
| 650 | |a VICTIMAS | ||
| 650 | |a ENCUESTAS | ||
| 650 | |a ENCUESTAS SOCIALES | ||
| 650 | |a DELINCUENCIA | ||
| 650 | |a SEGURIDAD | ||
| 650 | |a VICTIMAS | ||
| 700 | |a Rubio Rodríguez, María Angeles | ||
| 773 | |g número 18; páginas 29-50 | ||
| 999 | |c 24365 |d 24365 | ||
